000 00483nam a22001697a 4500
003 CEME
005 20210628203533.0
008 210120b xxu||||| |||| 00| 0 eng d
020 _a9780070221365
040 _c.
082 _a658.7 RAN
100 _aRahgaraj, Narayan, Rauhuram, G., Srinivasan, Mandyam M.
_966096
245 _aSupply chain managment for competitive advantage, concepts and cases
260 _aUSA
_bMCGRAW HILL
_c2009
300 _aXIV, 535P
942 _cBK
_2ddc
999 _c574127
_d574127